| 000 | 01262nam a2200253 a 4500 | ||
|---|---|---|---|
| 005 | 20191224041547.0 | ||
| 008 | 890714s1989 pn a bc f000 0 eng | ||
| 040 |
_aDLC _cDLC _dDLC _dCO-BoIAVH |
||
| 041 | 0 |
_aspa _aeng _heng |
|
| 082 | 0 | 0 |
_a578.730913 _bA58d |
| 100 | 1 |
_aAngehr, George Richard. _eautor |
|
| 245 | 1 | 0 |
_aDescorriendo la cortina verde : _bevolución de la biología tropical en Panamá / _cautor, George R. Angehr = Parting the green curtain : the evolution of tropical biology in Panama / author, George R. Angehr. |
| 246 | 1 |
_aParting the green curtain : _bThe evolution of Tropical Biology |
|
| 260 |
_aPanama : _bSmithsonian Tropical Research Institute, _cc1989. |
||
| 300 |
_aiv, 44 páginas. : _bilustraciones (algunas a color) ; _c18 x 26 cm. |
||
| 500 | _a"Published in conju[n]ction with the exhibition ... August 1989"--P. [2] of cover. | ||
| 504 | _aIncluye referencias bibliográficas: paginas 39-43. | ||
| 650 | 2 | 4 |
_aBiología tropical _zPanamá _xExhibiciones |
| 650 | 2 | 4 |
_aBiología tropical _zZona tropical _xExhibiciones |
| 650 | 2 | 6 |
_aBiología _xInvestigación _zPanamá _xExhibiciones |
| 710 | 2 | _aSmithsonian Tropical Research Institute. | |
| 740 | 0 | _aParting the green curtain. | |
| 942 |
_2ddc _cLIBRO |
||
| 999 |
_c913 _d913 |
||